000 00327nam a2200121Ia 4500
008 220204s9999 xx 000 0 und d
082 _a658.114
_bMCC
100 _aHealy, Robert E
245 0 _aValuing a company: Practices and procedures
260 _aNew York
_bJohn Wiley
_c1971
700 _aMcCarthy, George D
942 _cBK
999 _c28497
_d28497